000 00281as aa2200097a 44500
090 _aSERIADAS
_b01072
245 1 0 _aCarta ambiental
260 _bCorporación Autónoma Regional de las Cuencas de los Ríos Bogotá, Ubaté, y Suárez
_aColombia
041 0 _aEspañol
942 _cREVISTA
999 _c16794
_d16794